|
|
|
|
| LEADER |
00869nam a2200241 4500 |
| 001 |
c000097966 |
| 003 |
CARM |
| 005 |
00000000000000.0 |
| 008 |
790117s1970 si ac 00010 eng |
| 019 |
1 |
|
|a 1350425
|z 23280505
|5 LACONCORD2021
|
| 035 |
|
|
|a (OCoLC)4642944
|5 LACONCORD2021
|
| 040 |
|
|
|d NSL:R
|
| 043 |
|
|
|a a------
|
| 050 |
0 |
0 |
|a GT2772
|b .R57
|
| 100 |
1 |
|
|a Rishi, W. R.
|q (Weer Rajendra),
|d 1917-
|
| 245 |
1 |
0 |
|a Marriages of the Orient /
|c by W. R. Rishi.
|
| 260 |
|
|
|a [Singapore]
|b Chopmen Enterprises
|c [1970]
|
| 300 |
|
|
|a 140 p.
|b ill., ports.
|c 19 cm.
|
| 650 |
|
0 |
|a Marriage customs and rites
|z Asia.
|
| 852 |
8 |
|
|b CARM
|h A2:AG06H0
|i A02541
|p 0177063
|f BK
|
| 082 |
0 |
4 |
|a 392.5095
|2 20
|
| 999 |
f |
f |
|i 88623934-ccc2-5ea4-91ed-62bc5c267ed3
|s c34b9483-7da2-5cd1-ac57-9c57a09bfaf5
|
| 952 |
f |
f |
|p Can circulate
|a CAVAL
|b CAVAL
|c CAVAL
|d CARM 1 Store
|e A02541
|f A2:AG06H0
|h Other scheme
|i book
|m 0177063
|